00377nam a2200157Ia 4500001000500000005001700005008004100022041000800063082001500071100002200086245005300108260000900161300003300170650000800203654000800211210520260306143817.0260306t2016||||xx |||||||||||||| ||spa|| aESP a612.8bR84 aRose, HilaryeAUT 0a¿Puede la neurociencia cambiar nuestras mentes? c2016 axii, 100 páginas :c24 cm. aGEN aCPS